000 00697nam a22001817a 4500
999 _c20424
_d20424
003 OSt
005 20240814134926.0
008 240814b ||||| |||| 00| 0 eng d
040 _c0
082 _aDPer 507 J826 September 2019 - June 2020 v.49 n. 1-5
100 _aPawloski, Jamie.
_eauthor.
_957654
245 _aBuilding engagement in STEM through career courses at two-year institutions /
_cJamie Pawloski and Patrick Shabam
260 _aArlington USA;
_bNational Science Teaching Association,
_cNovember/December 2019.
300 _avolume 49, pages 9-15,
_billustration.
700 _aPawloski, Jamie.
_eauthor.
_957654
700 _aShabam, Patrick.
_eauthor.
_957655
942 _2ddc
_cPER